| 000 | 00352nam a22001337a 4500 | ||
|---|---|---|---|
| 020 | _a0-07-019310-X | ||
| 082 | _a629.83 EMA'I | ||
| 100 |
_aEMANNUEL, P,LEFF, EDWARD _974265 |
||
| 245 | _aINTRODUCTION TO FEEDBACK CONTROL SYSTEMS | ||
| 260 |
_aNEWYORK _bMCGRAW HILL _c1976 |
||
| 300 | _a377P | ||
| 650 |
_aFEEDBACK CONTROL SYSTEM _966469 |
||
| 942 | _cBK | ||
| 999 |
_c579821 _d579821 |
||